Online
Catalog

El proceso de creación publicitaria : (Record no. 25680)

MARC details
000 -CABECERA
campo de control de longitud fija 00582nam a2200169 a 4500
001 - NÚMERO DE CONTROL
campo de control 000026188
005 - FECHA Y HORA DE LA ÚLTIMA TRANSACCIÓN
campo de control 20200930024357.0
008 - DATOS DE LONGITUD FIJA--INFORMACIÓN GENERAL
campo de control de longitud fija 860227s1988 sp a 0|0 | spa d
020 ## - NÚMERO INTERNACIONAL ESTÁNDAR DEL LIBRO
Número Internacional Estándar del Libro 842340644X
040 ## - FUENTE DE LA CATALOGACIÓN
Centro catalogador/agencia de origen DO-SdBNP
Centro/agencia transcriptor spa
Centro/agencia modificador BNPHU
082 ## - NÚMERO DE LA CLASIFICACIÓN DECIMAL DEWEY
Número de clasificación xxx
Número de documento/Ítem J62p
100 1# - ENTRADA PRINCIPAL--NOMBRE DE PERSONA
Nombre de persona Joannis, Henri
9 (RLIN) 53200
245 13 - MENCIÓN DE TÍTULO
Título El proceso de creación publicitaria :
Resto del título planteamiento, concepción y realización de los mensajes /
Mención de responsabilidad, etc. Henri Joannis ; prefacio de Michel Badoc.
260 ## - PUBLICACIÓN, DISTRIBUCIÓN, ETC.
Lugar de publicación, distribución, etc. Madrid :
Nombre del editor, distribuidor, etc. Ediciones Deusto,
Fecha de publicación, distribución, etc. 1988.
300 ## - DESCRIPCIÓN FÍSICA
Extensión 209 p. :
Otras características físicas il. ;
Dimensiones 23 cm.
700 1# - PUNTO DE ACCESO ADICIONAL--NOMBRE DE PERSONA
Nombre de persona Badoc, Michel,
Término indicativo de función/relación pref.
9 (RLIN) 53201
Holdings
Estado de retiro Estado de pérdida Restricciones de uso No para préstamo Código de colección Localización permanente Ubicación/localización actual Ubicación en estantería Fecha de adquisición Número de inventario Total de préstamos Signatura topográfica completa Código de barras Fecha visto por última vez Precio válido a partir de Tipo de ítem Koha
      Excluido de préstamo Monografías: Libros y Folletos General General En catalogación 03.03.2011 LF1   xxx J62p 26188-10 25.06.2020 25.06.2020 No se presta

Powered by Koha